<?xml version="1.0" encoding="UTF-8"?>
<collection xmlns="http://www.loc.gov/MARC21/slim">
 <record>
  <leader>01171nam a2200241 a 4500</leader>
  <controlfield tag="001">00024066</controlfield>
  <controlfield tag="008">111220s2007    bg       l   f001 0 eng d</controlfield>
  <datafield tag="040" ind1=" " ind2=" ">
   <subfield code="a">DLC</subfield>
   <subfield code="c">DLC</subfield>
   <subfield code="d">BD-DhAAL</subfield>
  </datafield>
  <datafield tag="082" ind1="0" ind2="0">
   <subfield code="a">348.5492/022</subfield>
   <subfield code="2">22</subfield>
  </datafield>
  <datafield tag="110" ind1="1" ind2=" ">
   <subfield code="a">Bangladesh.</subfield>
  </datafield>
  <datafield tag="240" ind1="1" ind2="0">
   <subfield code="a">Laws, etc. (Bangladesh Code : 2007)</subfield>
  </datafield>
  <datafield tag="245" ind1="1" ind2="4">
   <subfield code="a">The Bangladesh code,</subfield>
   <subfield code="n">volume no.IX</subfield>
  </datafield>
  <datafield tag="260" ind1=" " ind2=" ">
   <subfield code="a">Dhaka :</subfield>
   <subfield code="b">Legislative Administration and Management, Ministry of Law, Justice and Parliamentary Affairs,</subfield>
   <subfield code="c">2007.</subfield>
  </datafield>
  <datafield tag="300" ind1=" " ind2=" ">
   <subfield code="a">ii, 493 p. ;</subfield>
   <subfield code="c">25 cm.</subfield>
  </datafield>
  <datafield tag="500" ind1=" " ind2=" ">
   <subfield code="a">At head of title: Government of the People's Republic of Bangladesh, Ministry of Law, Justice, and Parliamentary Affairs.</subfield>
  </datafield>
  <datafield tag="500" ind1=" " ind2=" ">
   <subfield code="a">&quot;Laws contained in the volume are up to date as of January, 2007.&quot;</subfield>
  </datafield>
  <datafield tag="500" ind1=" " ind2=" ">
   <subfield code="a">Act no.I of 1937 to Ordinance No. VII of 1941</subfield>
  </datafield>
  <datafield tag="541" ind1=" " ind2=" ">
   <subfield code="e">00024066</subfield>
  </datafield>
  <datafield tag="650" ind1=" " ind2="0">
   <subfield code="a">Law</subfield>
   <subfield code="z">Bangladesh.</subfield>
  </datafield>
  <datafield tag="710" ind1="1" ind2=" ">
   <subfield code="a">Government of the People's Republic of Bangladesh</subfield>
   <subfield code="b">Ministry of Law, Justice, and Parliamentary Affairs.</subfield>
  </datafield>
  <datafield tag="852" ind1="4" ind2=" ">
   <subfield code="a">Ayesha Abed Library</subfield>
   <subfield code="j">General shelf</subfield>
  </datafield>
  <datafield tag="999" ind1=" " ind2=" ">
   <subfield code="c">11642</subfield>
   <subfield code="d">11642</subfield>
  </datafield>
  <datafield tag="952" ind1=" " ind2=" ">
   <subfield code="0">0</subfield>
   <subfield code="1">0</subfield>
   <subfield code="4">0</subfield>
   <subfield code="6">348_549202200000000_BAN</subfield>
   <subfield code="7">0</subfield>
   <subfield code="9">18935</subfield>
   <subfield code="a">BRACUL</subfield>
   <subfield code="b">BRACUL</subfield>
   <subfield code="c">REF</subfield>
   <subfield code="d">2011-12-22</subfield>
   <subfield code="l">0</subfield>
   <subfield code="o">348.5492022 BAN</subfield>
   <subfield code="p">3010024066</subfield>
   <subfield code="r">2011-12-22</subfield>
   <subfield code="t">1</subfield>
   <subfield code="w">2011-12-22</subfield>
   <subfield code="y">RSV</subfield>
   <subfield code="x">Available</subfield>
  </datafield>
 </record>
</collection>
